000 00351 a2200157 4500
001 73448
020 _a0312938764
040 _cAnchieta - Colégio São Paulo
100 _aFinder, Joseph
240 1 0 _aCompany man
_lpor
245 1 0 _aCompany man
300 _a558
362 0 _a2005
650 4 _aFicção norte-americana em inglês
942 _cBK
999 _c73448
_d73448